00345nam a22001217a 450000500170000000800410001702000220005804100080008010000230008824500600011126000440017130000080021520170530114727.0170530b xxu||||| |||| 00| 0 eng d a978-0-07-058718-2 aeng aBALAKRISHNAN, V.K. aSCHAUM'S OUTLINE OF THEORY AND PROBLEMS OF GRAPH THEORY aNEW DELHIbMC GRAW HILL EDUCATIONc1997 a293